000 00996nam a22002537a 4500
005 20170123164150.0
010 _aA-938486
020 _c175.00
035 _aA-938486
037 _bCen Lib/Ret
040 _aDPL
_bPN
082 _a
_bਕਰਨੈ
100 _aਕਰਨੈਲ ਸਿੰਘ ਗਿਆਨੀ
_99532
245 _aਵਾਸਲੋਂ ਉਰੇ:
_cਕਰਨੈਲ ਸਿੰਘ ਗਿਆਨੀ
_bਕਹਾਨੀ ਸੰਗ੍ਰਹਿ /
246 _aVaslon urey : short stories /
_bby Karnail Singh Gyani
260 _aਅੰਮ੍ਰਿਤਸਰ
_bਲੇਕ ਸਾਹਿਤ ਪ੍ਰਕਾਸ਼ਨ
_c1998
270 _a186, ਗੀ੍ਲ ਔਵੀਨਿਊ
_bਅੰਮ੍ਰਿਤਸਰ
300 _a160p ;
_c20cm
650 _aਪੰਜਾਬੀ ਕਹਾਣੀਆ
_9128947
650 _aਸਾਹਿਤ -- ਪੰਜਾਬੀ
_9128948
650 _aliterature -- Punjabi
_9128949
650 _aPunjabi -- story
_9128950
942 _2ddc
_cPN
_h
_mਕਰਨੈ
999 _c110293
_d110293